000 00666nam a22001817a 4500
003 UA-OsUOA
001 17537
007 ta
008 20040313b un ||||| |||| 00| 0 ukr d
100 _aСоколович М.
942 _cSA
040 _aUA-OsUOA
_cUA-OsUOA
_dUA-OsUOA
245 _aПоговорили про мову, нагородили учнів: [У Рівнен. обл. б-ці відбувся просвітн. захід, присвяч. Міжнар. дню рідної мови]
300 _aС.6
955 _a0
773 0 _w0
_tНова Волинь
_dРівне
_d2004
_g№9/4 берез./
650 7 _aКраєзнавча робота
_2UDC
999 _c303705
_d303705